000 00647nam a2200205 a 4500
005 20240910063948.0
008 991125s1975 es 000 0 spa u
020 _a8432003387
035 _aUPN01000000990
049 _aCG
050 4 _aLB1105
_bP3.2 no.18
100 1 _aDurand, Georges
245 1 3 _aEl adolescente y los deportes /
_cGeorges Durand ; tr. por Ramón Gil Novales.
260 _aBarcelona, Esp. :
_bPlaneta,
_c1975.
300 _a143 p.
440 0 _aPaideia.
_pBiblioteca práctica de pedagogía, psicología y psicopatología de la infancia ;
_v18
650 4 _aAdolescencia
_91008
650 2 _aDeportes
_912162
905 _aLibro
999 _c990
_d990